LEADER 02866nam1 22005893i 450 001 IEI0230866 005 20251003044201.0 010 $a8815106588 100 $a20050426d2005 ||||0itac50 ba 101 | $aita 102 $ait 181 1$6z01$ai $bxxxe 182 1$6z01$an 183 1$6z01$anc$2RDAcarrier 200 1 $aDiscorsi parlamentari$fPaolo Emilio Taviani$gcon un saggio di Giorgio Rumi 210 $aBologna$cIl Mulino$d[2005] 215 $a257 p.$c1 ritr.$d24 cm$e1 CD-ROM 225 | $aDiscorsi parlamentari$i. Nuova serie$v12 300 $aIn testa al front.: Senato della Repubblica, Archivio Storico. 410 0$1001LO10719270$12001 $aDiscorsi parlamentari$i. Nuova serie$v12 463 1$1001UFI0477733$12001 $aDiscorsi parlamentari$fPaolo Emilio Taviani 517 1 $aPaolo Emilio Taviani$9BVE0751913 606 $aItalia$xPolitica$x1945-1990$2FIR$3CFIC073196$9I 606 $aTAVIANI, PAOLO EMILIO$xDISCORSI PARLAMENTARI$2FIR$3IEIC070216$9I 676 $a945.092$9STORIA D'ITALIA. Repubblica. 1946-$v20 676 $a945.092$9STORIA. ITALIA. PERIODO DELLA REPUBBLICA, 1946-$v21 686 $aIT/X42.5/DC$cPARTITI E MOVIMENTI POLITICI DEMOCRAZIA CRISTIANA ITALIA$2R 686 $aIT/X420.0$cPOLITICA E CULTURA ITALIA$2R 686 $aIT/X422.1$cPARLAMENTO ITALIA$2R 686 $aX0.1/TAVIANI,PAOLO EM$cBIOGRAFIE E SCRITTI SU PAOLO EMILIO TAVIANI$2R 696 $aVita politica$aAttivitą politica$aAspetti politici 699 $aPolitica$zVita politica 699 $aPolitica$zAttivitą politica 699 $aPolitica$zAspetti politici 700 1$aTaviani$b, Paolo Emilio$3CFIV003758$4070$035166 702 1$aRumi$b, Giorgio$f <1938-2006>$3CFIV006437 712 01$aItalia$b : Senato$b : Archivio storico$3IEIV064448 790 1$aTaviani$b, P. E.$3SBNV109375$zTaviani, Paolo Emilio 791 02$aSenato della Repubblica$b : Archivio storico$3CFIV218687$zItalia : Senato : Archivio storico 791 02$aItalia$b : Senato della Repubblica$b : Archivio storico$3IEIV064449$zItalia : Senato : Archivio storico 801 3$aIT$bIT-000000$c20050426 850 $aIT-BN0095 $aIT-AV0007 $aIT-NA0581 $aIT-NA0097 901 $bNAP SP$cNF. $nNUOVO FONDO 901 $bNAP FC$cFONDO $n$ 901 $bNAP 01$cPOZZO LIB.$nVi sono collocati fondi di economia, periodici di ingegneria e scienze, periodici di economia e statistica e altri fondi comprendenti documenti di economia pervenuti in dono. 901 $bNAP AV$cMANCINO $n$ 912 $aIEI0230866 950 1$aBiblioteca Centralizzata di Ateneo$c1 v.$d 01POZZO LIB.ECON MON 4733$e 0101 0600203375E VMA 1 v.$fB $h20210326$i20210326 967 $m1 977 $a 01$a AV$a FC$a SP 996 $aDiscorsi parlamentari$9228906 997 $aUNISANNIO LEADER 01767oam 2200529zu 450 001 9910145661203321 005 20241212215733.0 010 $a9781509089123 010 $a1509089128 035 $a(CKB)1000000000711338 035 $a(SSID)ssj0000396574 035 $a(PQKBManifestationID)12122361 035 $a(PQKBTitleCode)TC0000396574 035 $a(PQKBWorkID)10334887 035 $a(PQKB)10638427 035 $a(EXLCZ)991000000000711338 100 $a20160829d2006 uy 101 0 $aeng 181 $ctxt 182 $cc 183 $acr 200 10$a14th International Symposium on Temporal Representation and Reasoning : proceedings : June 28-30, 2007, Alicante, Spain 210 31$a[Place of publication not identified]$cIEEE Computer Society Press$d2006 300 $aBibliographic Level Mode of Issuance: Monograph 311 08$a9780769528366 311 08$a0769528368 606 $aArtificial intelligence$vCongresses 606 $aReasoning$vCongresses 606 $aTime$vCongresses 606 $aTemporal databases$vCongresses 606 $aComputer Science$2HILCC 606 $aEngineering & Applied Sciences$2HILCC 615 0$aArtificial intelligence 615 0$aReasoning 615 0$aTime 615 0$aTemporal databases 615 7$aComputer Science 615 7$aEngineering & Applied Sciences 676 $a006.3 702 $aGoranko$b Valentin 702 $aWang$b Sean$f1960- 712 12$aInternational Symposium on Temporal Representation and Reasoning. 801 0$bPQKB 906 $aPROCEEDING 912 $a9910145661203321 996 $a14th International Symposium on Temporal Representation and Reasoning : proceedings : June 28-30, 2007, Alicante, Spain$92337572 997 $aUNINA